| 000 | 00486nam a22001817a 4500 | ||
|---|---|---|---|
| 003 | MPLRDC | ||
| 005 | 20220104203705.0 | ||
| 008 | 210129b ||||| |||| 00| 0 eng d | ||
| 020 | _a978-986-177-927-0 | ||
| 082 | _a192.8 ZXC | ||
| 100 | _a植西聪 UENISHI AKIRA | ||
| 245 |
_a铭刻于心的贤者格言 _c吴俞青 译 |
||
| 250 | _a初版 | ||
| 260 |
_a台湾 _b晨星出版有限公司 _c2014 |
||
| 300 | _b平 | ||
| 650 | _a格言;箴言;金言 | ||
| 942 |
_cNB _o192.8 ZXC |
||
| 999 |
_c68246 _d68236 |
||